Normal view
MARC view
- NS M. Ahmed Vohra NS Muhammad Zubair PC Hamza Khalid ASSISTANT
Entry Personal Name
001 - CONTROL NUMBER
- control field: 70820
003 - CONTROL NUMBER IDENTIFIER
- control field: NUST
005 - DATE AND TIME OF LATEST TRANSACTION
- control field: 20210628204546.0
008 - FIXED-LENGTH DATA ELEMENTS
- fixed length control field: 210628|| aca||aabn | a|a d
040 ## - CATALOGING SOURCE
- Original cataloging agency: NUST
- Transcribing agency: NUST
100 ## - HEADING--PERSONAL NAME
- Personal name: NS M. Ahmed Vohra NS Muhammad Zubair PC Hamza Khalid ASSISTANT
670 ## - SOURCE DATA FOUND
- Source citation: Work cat.: (NUST): NS M. Ahmed Vohra NS Muhammad Zubair PC Hamza Khalid ASSISTANT, PR-SOF-1533-REVERSE ENGINEERING OF FLESHING AND SHAVING BLADES USED IN LEATHER INDUSTRY, 2016
